| 000 | 00647nam a2200193 a 4500 | ||
|---|---|---|---|
| 005 | 20210223131017.0 | ||
| 008 | 090604s2003 mx r 000 0 spa d | ||
| 020 | _a9681864476 | ||
| 035 | _aUPN01000170974 | ||
| 049 | _aCG | ||
| 050 | 4 |
_aGV838.53 L6.5 _bT6.2 |
|
| 100 | 1 |
_aToledano Cadena, Nora Haidé, _d1969- _931568 |
|
| 245 | 1 | 0 |
_aA cada brazada : _bel azul interminable / _cNora Toledano, Antonio Argüelles. |
| 260 |
_aMéxico : _bLimusa, _c2003. |
||
| 300 |
_a224 p. : _bil. |
||
| 650 | 4 |
_aNATACION DE LARGA DISTANCIA - _zCANAL DE LA MANCHA _919524 |
|
| 700 | 1 |
_aArgüelles Díaz-González, Antonio, _d1959- _ecoaut. _928745 |
|
| 905 | _aLibro | ||
| 999 |
_c143079 _d143079 |
||